| 000 | 00705nam a2200205Ia 4500 | ||
|---|---|---|---|
| 001 | 1680 | ||
| 003 | GE_BSU | ||
| 008 | 181216s||||||||xx |||||||||||||| ||und|| | ||
| 020 | _a5841100750 | ||
| 040 | _cGE_BSU | ||
| 100 | _aЛазарев,М.И. Абашидзе,А.Х | ||
| 245 | _aКазусы(Международно-правовые из практики стран Америки XX века) | ||
| 260 | _aМосква | ||
| 260 | _bСовременная экономика и право | ||
| 260 | _c2001 | ||
| 300 | _a159стр. 19см. | ||
| 541 | _h6л. | ||
| 653 | _aКазусы(Международно-правовые из практики стран Америки | ||
| 942 | _cBK | ||
| 999 |
_c35796 _d35796 |
||